000 00728nam a2200289Ia 4500
005 20260324130748.0
008 008 260324s9999 xx 000 0 eng d
020 _a9781315589183
037 _aEBOOK
040 _aCRL
040 _beng
040 _cCRL
041 _2eng
041 _aeng
084 _qCRL
100 _aSandro Nannini; Christoph Lumer
_91182997
245 0 _aIntentionality, Deliberation and Autonomy
245 4 _bThe Action-Theoretic Basis of Practical Philosophy
260 _bTaylor and Francis
260 _c2007
365 _a
365 _b240
856 _uhttp://www.taylorfrancis.com/books/9781315589183
942 _cEBOOK
999 _c1779462
_d1779462